000
00222 a2200097 4500
001
34902
100
_a
Sitaram
245
_a
Microwave Technology & application
260
_a
ND
_b
Tata McGraw-Hill
_c
090
_c
23090
_d
23090
942
_a
NUST-CAE
_c
M
_c
14548
999
_c
269975
_d
269975